MARC details
| 000 -LEADER |
| fixed length control field |
03408cgm a2200709Ki 4500 |
| 001 - CONTROL NUMBER |
| control field |
on1164143381 |
| 003 - CONTROL NUMBER IDENTIFIER |
| control field |
OCoLC |
| 005 - DATE AND TIME OF LATEST TRANSACTION |
| control field |
20200902110654.0 |
| 007 - PHYSICAL DESCRIPTION FIXED FIELD--GENERAL INFORMATION |
| fixed length control field |
vd cvaizq |
| 008 - FIXED-LENGTH DATA ELEMENTS--GENERAL INFORMATION |
| fixed length control field |
200709s2020 xxu174 vleng d |
| 040 ## - CATALOGING SOURCE |
| Original cataloging agency |
TEFMT |
| Language of cataloging |
eng |
| Description conventions |
rda |
| Transcribing agency |
TEFMT |
| Modifying agency |
OCLCO |
| -- |
TEF |
| -- |
OCLCF |
| -- |
UINTA |
| 024 1# - OTHER STANDARD IDENTIFIER |
| Standard number or code |
767685163801 |
| 028 42 - PUBLISHER NUMBER |
| Publisher number |
HM6380 |
| Source |
Shout Factory |
| 035 ## - SYSTEM CONTROL NUMBER |
| System control number |
(OCoLC)1164143381 |
| 037 ## - SOURCE OF ACQUISITION |
| Source of stock number/acquisition |
Midwest Tape |
| Note |
http://www.midwesttapes.com |
| 041 1# - LANGUAGE CODE |
| Language code of text/sound track or separate title |
eng |
| -- |
eng |
| Language code of original and/or intermediate translations of text |
eng |
| 050 #4 - LIBRARY OF CONGRESS CALL NUMBER |
| Classification number |
PN1997.2 |
| Item number |
.N38 2020 |
| 082 04 - DEWEY DECIMAL CLASSIFICATION NUMBER |
| Classification number |
791.43/75 |
| Edition number |
23 |
| 049 ## - LOCAL HOLDINGS (OCLC) |
| Holding library |
UCLB |
| 245 00 - TITLE STATEMENT |
| Title |
Nature of love ; |
| Remainder of title |
Pearl in paradise / |
| Statement of responsibility, etc |
director, Marita Grabiak. |
| 264 #1 - Production, Publication, Distribution, Manufacture, and Copyright Notice. |
| Place of production, publication, distribution, manufacture |
[United States] : |
| Name of producer, publisher, distributor, manufacturer |
Hallmark Channel, |
| Date of production, publication, distribution, manufacture, or copyr |
[2020] |
| 300 ## - PHYSICAL DESCRIPTION |
| Extent |
1 videodisc (174 min.) : |
| Other physical details |
sound, color ; |
| Dimensions |
4 3/4 in. |
| 336 ## - Content Type |
| Content type term |
two-dimensional moving image |
| 337 ## - Media type |
| Media type term |
video |
| 338 ## - Carrier type |
| Carrier type term |
videodisc |
| 344 ## - |
| -- |
digital |
| -- |
rdatr |
| 344 ## - |
| -- |
optical |
| -- |
rdarm |
| 347 ## - |
| -- |
video file |
| -- |
rdaft |
| 347 ## - |
| -- |
DVD video |
| 380 ## - |
| -- |
Made-for-TV movies |
| -- |
lcgft |
| 538 ## - SYSTEM DETAILS NOTE |
| System details note |
DVD, wide screen (16x9, 1.78:1). |
| 546 ## - LANGUAGE NOTE |
| Language note |
Subtitled for the deaf and hard of hearing (SDH). |
| 500 ## - GENERAL NOTE |
| General note |
Title from sell sheet. |
| 511 1# - PARTICIPANT OR PERFORMER NOTE |
| Participant or performer note |
Emilie Ullerup, Christopher Russell, Donna Benedicto, Jill Wagner, Kristoffer Polaha. |
| 500 ## - GENERAL NOTE |
| General note |
Originally broadcast as made-for-TV movies on the Hallmark Channel. |
| 500 ## - GENERAL NOTE |
| General note |
Wide screen (16x9, 1.78:1). |
| 520 ## - SUMMARY, ETC. |
| Summary, etc |
Nature Of Love: City girl Katie is writing a magazine feature on a glamping resort. Far from sporty, she faces her fears trying the camp's activities with help from Will, a rugged outdoorsman and nature guide. Pearl In Paradise: Alex, a photographer for a travel magazine, and Colin, a best-selling author, team up to find an elusive Fijian "pearl." As both of their careers hang in the balance, their treasure hunt in a Fijian valley might lead them to find the only treasure that really matters. |
| 650 #0 - SUBJECT ADDED ENTRY--TOPICAL TERM |
| Topical term or geographic name as entry element |
Man-woman relationships |
| Form subdivision |
Drama. |
| 9 (RLIN) |
5673977 |
| 650 #0 - SUBJECT ADDED ENTRY--TOPICAL TERM |
| Topical term or geographic name as entry element |
Resorts |
| Form subdivision |
Drama. |
| 9 (RLIN) |
6368665 |
| 651 #0 - SUBJECT ADDED ENTRY--GEOGRAPHIC NAME |
| Geographic name |
Fiji |
| Form subdivision |
Drama. |
| 9 (RLIN) |
6371889 |
| 650 #7 - SUBJECT ADDED ENTRY--TOPICAL TERM |
| Topical term or geographic name as entry element |
Man-woman relationships. |
| Source of heading or term |
fast |
| -- |
(OCoLC)fst01007080 |
| 9 (RLIN) |
6371890 |
| 650 #7 - SUBJECT ADDED ENTRY--TOPICAL TERM |
| Topical term or geographic name as entry element |
Resorts. |
| Source of heading or term |
fast |
| -- |
(OCoLC)fst01095631 |
| 9 (RLIN) |
6371891 |
| 651 #7 - SUBJECT ADDED ENTRY--GEOGRAPHIC NAME |
| Geographic name |
Fiji. |
| Source of heading or term |
fast |
| -- |
(OCoLC)fst01208479 |
| 9 (RLIN) |
6371892 |
| 655 #7 - INDEX TERM--GENRE/FORM |
| Genre/form data or focus term |
Drama. |
| Source of term |
fast |
| -- |
(OCoLC)fst01423879 |
| 9 (RLIN) |
6371893 |
| 655 #7 - INDEX TERM--GENRE/FORM |
| Genre/form data or focus term |
Feature films. |
| Source of term |
fast |
| -- |
(OCoLC)fst01710384 |
| 9 (RLIN) |
6371894 |
| 655 #7 - INDEX TERM--GENRE/FORM |
| Genre/form data or focus term |
Made-for-TV movies. |
| Source of term |
fast |
| -- |
(OCoLC)fst01710404 |
| 9 (RLIN) |
6371895 |
| 655 #7 - INDEX TERM--GENRE/FORM |
| Genre/form data or focus term |
Romance films. |
| Source of term |
fast |
| -- |
(OCoLC)fst01710332 |
| 9 (RLIN) |
5675183 |
| 655 #7 - INDEX TERM--GENRE/FORM |
| Genre/form data or focus term |
Video recordings for the hearing impaired. |
| Source of term |
fast |
| -- |
(OCoLC)fst01710450 |
| 9 (RLIN) |
6371896 |
| 655 #7 - INDEX TERM--GENRE/FORM |
| Genre/form data or focus term |
Feature films. |
| Source of term |
lcgft |
| 9 (RLIN) |
6371894 |
| 655 #7 - INDEX TERM--GENRE/FORM |
| Genre/form data or focus term |
Video recordings for the hearing impaired. |
| Source of term |
lcgft |
| 9 (RLIN) |
6371896 |
| 655 #7 - INDEX TERM--GENRE/FORM |
| Genre/form data or focus term |
Romance films. |
| Source of term |
lcgft |
| 9 (RLIN) |
5675183 |
| 655 #7 - INDEX TERM--GENRE/FORM |
| Genre/form data or focus term |
Made-for-TV movies. |
| Source of term |
lcgft |
| 9 (RLIN) |
6371895 |
| 700 1# - ADDED ENTRY--PERSONAL NAME |
| Personal name |
Grabiak, Marita, |
| Relator term |
film director. |
| 9 (RLIN) |
6204502 |
| 700 1# - ADDED ENTRY--PERSONAL NAME |
| Personal name |
Ullerup, Emilie, |
| Dates associated with a name |
1984- |
| Relator term |
actor. |
| 9 (RLIN) |
5809062 |
| 700 1# - ADDED ENTRY--PERSONAL NAME |
| Personal name |
Russell, Christopher, |
| Dates associated with a name |
1983- |
| Relator term |
actor. |
| 9 (RLIN) |
5736584 |
| 700 1# - ADDED ENTRY--PERSONAL NAME |
| Personal name |
Benedicto, Donna, |
| Relator term |
actor. |
| 9 (RLIN) |
6371897 |
| 700 1# - ADDED ENTRY--PERSONAL NAME |
| Personal name |
Wagner, Jill, |
| Dates associated with a name |
1979- |
| Relator term |
actor. |
| 9 (RLIN) |
6371898 |
| 710 2# - ADDED ENTRY--CORPORATE NAME |
| Corporate name or jurisdiction name as entry element |
Hallmark Channel (Television network), |
| Relator term |
publisher. |
| 9 (RLIN) |
5690645 |
| 730 02 - ADDED ENTRY--UNIFORM TITLE |
| -- |
Container of (work) : |
| Uniform title |
Nature of love (Motion picture) |
| 9 (RLIN) |
6371899 |
| 730 02 - ADDED ENTRY--UNIFORM TITLE |
| -- |
Container of (work) : |
| Uniform title |
Pearl in paradise (Motion picture) |
| 9 (RLIN) |
6371900 |
| 994 ## - |
| -- |
C0 |
| -- |
UINTA |